|
|
|
|
| LEADER |
04149ncm a2200901 i 4500 |
| 001 |
nkc20182992642 |
| 003 |
CZ PrNK |
| 005 |
20180518084126.0 |
| 007 |
qu |
| 008 |
180417t20172017xr zzaeg nn zxx |
| 015 |
|
|
|a cnb002992642
|
| 024 |
2 |
|
|a 979-0-66061-425-9
|q (brožováno)
|
| 028 |
2 |
1 |
|a R 392
|b Český rozhlas
|
| 040 |
|
|
|a BOA001
|b cze
|d ABA001
|e rda
|
| 041 |
0 |
|
|g cze
|g eng
|
| 043 |
|
|
|a e-xr---
|
| 045 |
|
|
|a v-w-
|
| 048 |
|
|
|a wa02
|a ba02
|a wd01
|
| 048 |
|
|
|a wa02
|a ba02
|a wd02
|
| 072 |
|
7 |
|a 788
|x Hudba pro dechové nástroje
|2 Konspekt
|9 9
|
| 080 |
|
|
|a 783.28
|2 MRF
|
| 080 |
|
|
|a 785.75
|2 MRF
|
| 080 |
|
|
|a 785.76
|2 MRF
|
| 080 |
|
|
|a 785.7
|2 MRF
|
| 080 |
|
|
|a 78.089.6
|2 MRF
|
| 080 |
|
|
|a 78.089.6.087
|2 MRF
|
| 245 |
0 |
0 |
|a České vánoční parthie =
|b Czech Christmas parthias /
|c Jan Hataš, Václav Vincenc Mašek, Jan Křtitel Vaňhal, anonym ; editor Vojtěch Spurný = edited by Vojtěch Spurný
|
| 246 |
3 |
1 |
|a Czech Christmas parthias
|
| 250 |
|
|
|a 1. vydání
|
| 264 |
|
1 |
|a Praha :
|b Český rozhlas,
|c 2017
|
| 264 |
|
4 |
|c ©2017
|
| 300 |
|
|
|a 1 partitura (ix, 44 stran) + 6 hlasů :
|b faksimile ;
|c 30 cm
|
| 336 |
|
|
|a zápis hudby
|b ntm
|2 rdacontent
|
| 337 |
|
|
|a bez média
|b n
|2 rdamedia
|
| 338 |
|
|
|a svazek
|b nc
|2 rdacarrier
|
| 382 |
0 |
1 |
|a hoboj
|n 2
|a lesní roh
|n 2
|a fagot
|n 1
|s 5
|
| 382 |
0 |
1 |
|a hoboj
|n 2
|a lesní roh
|n 2
|a fagot
|n 2
|s 6
|
| 490 |
1 |
|
|a Thesaurus antiquae musicae ;
|v 30
|
| 500 |
|
|
|a Název, biografické poznámky a vydavatelská zpráva česky a anglicky
|
| 500 |
|
|
|a Na obálce: Kritické vydání = Critical edition
|
| 505 |
0 |
|
|a Partita Pastoralis in F (č. 1) ; Partita Pastoralis in F (č. 2) / Jan Křtitel Vaňhal -- Parthia Pastoritia in F ; Parthia Pastoritia in C ; Parthia Pastoritia in D / Jan Hataš -- Parthia in D / Václav Vincenc Mašek -- Partita Pastoralis / anonym
|
| 648 |
|
7 |
|a 18.-19. století
|7 ch757018
|2 czenas
|
| 650 |
0 |
7 |
|a vánoční hudba
|7 ph138874
|z Česko
|y 18.-19. století
|2 czenas
|
| 650 |
0 |
7 |
|a kvintety
|7 ph254878
|z Česko
|y 18.-19. století
|2 czenas
|
| 650 |
0 |
7 |
|a sextety
|7 ph254881
|z Česko
|y 18.-19. století
|2 czenas
|
| 650 |
0 |
4 |
|a partity
|
| 650 |
0 |
7 |
|a komorní hudba
|7 ph121752
|2 czenas
|
| 650 |
0 |
9 |
|a Christmas music
|z Czechia
|y 18th-19th centuries
|2 eczenas
|
| 650 |
0 |
9 |
|a quintets
|z Czechia
|y 18th-19th centuries
|2 eczenas
|
| 650 |
0 |
9 |
|a sextets
|z Czechia
|y 18th-19th centuries
|2 eczenas
|
| 650 |
0 |
9 |
|a chamber music
|2 eczenas
|
| 655 |
|
7 |
|a vánoční hudba
|7 fd1024833
|2 czenas
|
| 655 |
|
7 |
|a kvintety
|7 fd979999
|2 czenas
|
| 655 |
|
7 |
|a sextety
|7 fd980000
|2 czenas
|
| 655 |
|
7 |
|a partity
|7 fd1027115
|2 czenas
|
| 655 |
|
7 |
|a partitury a hlasy
|7 fd186702
|2 czenas
|
| 655 |
|
9 |
|a Christmas music
|2 eczenas
|
| 655 |
|
9 |
|a quintets
|2 eczenas
|
| 655 |
|
9 |
|a sextets
|2 eczenas
|
| 655 |
|
9 |
|a scores and parts
|2 eczenas
|
| 700 |
1 |
|
|a Hataš, Jan,
|d činný 18. století
|7 jx20080619013
|4 cmp
|
| 700 |
1 |
|
|a Vaňhal, Jan Křtitel,
|d 1739-1813
|7 jn19990209964
|4 cmp
|
| 700 |
1 |
|
|a Mašek, Václav Vincenc,
|d 1755-1831
|7 ola2002145115
|4 cmp
|
| 700 |
1 |
|
|a Spurný, Vojtěch,
|d 1964-
|7 jn19990209790
|4 edt
|
| 700 |
1 |
2 |
|i Obsahuje (dílo):
|a Vaňhal, Jan Křtitel,
|d 1739-1813.
|t Partita pastoralis,
|n č. 1
|
| 700 |
1 |
2 |
|i Obsahuje (dílo):
|a Vaňhal, Jan Křtitel,
|d 1739-1813.
|t Partita pastoralis,
|n č. 2
|
| 700 |
1 |
2 |
|i Obsahuje (dílo):
|a Hataš, Jan,
|d činný 18. století.
|t Parthia pastoritia,
|r F dur
|
| 700 |
1 |
2 |
|i Obsahuje (dílo):
|a Hataš, Jan,
|d činný 18. století.
|t Parthia pastoritia,
|r C dur
|
| 700 |
1 |
2 |
|i Obsahuje (dílo):
|a Hataš, Jan,
|d činný 18. století.
|t Parthia pastoritia,
|r D dur
|
| 700 |
1 |
2 |
|i Obsahuje (dílo):
|a Mašek, Václav Vincenc,
|d 1755-1831.
|t Partity,
|m hoboje (2), lesní rohy (2), fagoty (2),
|r D dur
|
| 730 |
0 |
|
|a Partita pastoralis,
|m hoboje (2), lesní rohy (2), fagoty (2),
|n (ČMH XLII C 219)
|
| 830 |
|
0 |
|a Thesaurus antiquae musicae
|
| 910 |
2 |
|
|a BOA001
|b Mus4-1404.766
|
| 990 |
|
|
|a MU
|
| 995 |
|
|
|a 01
|
| 991 |
|
|
|b 201805
|c NOV
|
| 996 |
6 |
|
|b 2610740957
|c Mus4-1404.766
|l MZK
|r Sklad / do 1 hodiny
|n 0
|p p.v.
|w 001660931
|u 000010
|a 1
|e BOA001
|j MZK50
|s P
|
| 996 |
7 |
|
|b 2610742319
|c Mus4-1404.766
|l MZK
|r Sklad / do 1 hodiny
|n 0
|p kup
|w 001660931
|u 000020
|a 1
|e BOA001
|j MZK50
|s A
|